Star Wars Random Quotes - Statistics

General Stats
  • This quiz has been taken 49 times
    36 since last reset
  • The average score is 13 of 15
Answer Stats
Hint Answer % Correct
"Fear is the path to the Dark Side" Yoda
100%
“Henceforth, you shall be known as Darth… Vader.” Darth Sidious
94%
“Ye gods, whatta meesa sayin’?” Jar Jar Binks
94%
"Hello There" Obi-Wan Kenobi
94%
"Ani? My Goodness, you've grown!" Padme Amidala
94%
"Laugh it up Fuzzball" Han Solo
91%
“It’s against my programming to impersonate a deity.” C-3PO
88%
“There’s always a bigger fish.” Qui Gon Jinn
88%
“Nooooooooooooooooooo!” Darth Vader
85%
"Did you press the stop button?" Obi-Wan Kenobi
85%
"I don't know where you get your delusions" Leia Organa
82%
“I happen to like… nice men.” Leia Organa
82%
“There was no father. I carried him, I gave birth, I raised him. I can’t explain what happened.” Shmi Skywalker
76%
"We are encouraged to love" Anakin Skywalker
68%
"You have hate. You have anger. But you don’t use them." Count Dooku
65%
No matching quizzes found
Score Distribution
Percent of People with Each Score
Percentile by Number Answered
Your Score History
You have not taken this quiz since the last reset